Boy Scout stamps of the world (Record no. 1920)

000 -LEADER
fixed length control field 00298nam a22000977a 4500
008 - FIXED-LENGTH DATA ELEMENTS--GENERAL INFORMATION
fixed length control field 160418b xxu||||| |||| 00| 0 eng d
100 ## - MAIN ENTRY--AUTHOR'S NAME
Author's Name Thorsen, Harry D., Jr.
245 ## - TITLE STATEMENT
Title Boy Scout stamps of the world
260 ## - PUBLICATION, DISTRIBUTION, ETC. (IMPRINT)
Place of publication, distribution, etc. Chicago
Name of publisher, distributor, etc. Lithographed [by] Redson-Rice,
Date of publication, distribution, etc. 1949
650 ## - TOPICAL TERM (Tag)
Topical term or geographic name Topical Collecting | Scouts
Holdings
Withdrawn status Lost status Source of classification or shelving scheme Damaged status Koha normalized classification for sorting Not for loan Permanent Location Current Location Date acquired Total Checkouts Full call number Barcode Date last seen Price effective from Koha item type
        G3201 T674 T522   Northern Philatelic Library Northern Philatelic Library 04/18/2016   G3201 T674 T522 1002226 04/15/2017 04/18/2016 Books

Powered by Koha